[Event "NZL-ch Seniors"]
[Site "Mount Maunganui"]
[Date "2017.09.02"]
[Round "3"]
[White "Goffin, Peter B"]
[Black "Steadman, Michael VR"]
[Result "0-1"]
[WhiteElo "1990"]
[BlackElo "2183"]
[PlyCount "130"]
[EventDate "2017.09.01"]
[EventType "swiss"]
[EventRounds "6"]
[EventCountry "NZL"]
[SourceTitle "EXT 2019"]
[Source "ChessBase"]
[SourceDate "2018.10.10"]
[SourceVersion "1"]
[SourceVersionDate "2018.10.10"]
[SourceQuality "1"]

1. e4 g6 2. d4 Bg7 3. Nc3 d6 4. Nf3 Nd7 5. Be3 a6 6. Be2 e6 7. Qd2 b5 8. Rd1 Bb7 9. d5 Ngf6 10. dxe6 fxe6 11. Nd4 Qe7 12. f3 0-0 13. 0-0 Rad8 14. Nb3 Ne5 15. Qc1 Rfe8 16. Rd2 c5 17. Rfd1 b4 18. Nb1 Qc7 19. c3 a5 20. cxb4 axb4 21. a3 bxa3 22. Nxa3 Qb6 23. Qc2 Bf8 24. Nc4 Nxc4 25. Bxc4 d5 26. Bd3 Rc8 27. Nc1 Qc6 28. Bg5 Nd7 29. exd5 exd5 30. Bc4 Nb6 31. Bxd5+ Nxd5 32. Rxd5 Qxd5 33. Rxd5 Bxd5 34. Nd3 Bg7 35. Bh4 c4 36. Nf4 Bf7 37. Ne2 Rb8 38. Nc3 Bd4+ 39. Kf1 Rb3 40. Bg5 Ra8 41. Bc1 Ra1 42. Ke2 Kg7 43. Nd1 c3 44. bxc3 Bc4+ 45. Kd2 Be5 46. g3 Bf6 47. Bb2 Ra2 48. Qb1 Raxb2+ 49. Qxb2 Rxb2+ 50. Nxb2 Bd5 51. f4 Kf7 52. Nd1 Ke6 53. Ne3 Bc6 54. Kd3 Bd8 55. g4 Bb6 56. f5+ Kf6 57. fxg6 hxg6 58. h4 Bf3 59. g5+ Ke6 60. c4 Bc6 61. Nd5 Bf2 62. h5 gxh5 63. Nf4+ Kf5 64. Nxh5 Kxg5 65. Ng7 Bd7 0-1